| Tag |
First Indicator |
Second Indicator |
Subfields |
| LEADER |
00000cam a22000001a 4500 |
| 001 |
in00004100784 |
| 005 |
20200117091238.0 |
| 006 |
m d f |
| 007 |
cr bn mmmapmmp |
| 008 |
100709m20099999dcua ob f000 0 eng d |
| 035 |
|
|
|a chdc201000652
|
| 040 |
|
|
|a UMI
|c UMI
|d UtOrBLW
|
| 042 |
|
|
|a pcc
|
| 043 |
|
|
|a n-us---
|a f------
|
| 074 |
|
|
|a 1016-A
|
| 086 |
0 |
|
|a Y 4.G 74/7:110-186
|
| 086 |
0 |
|
|a Y 4.G 74/7:110-204
|
| 088 |
|
|
|a Serial no. 110-186 (United States. Congress. House. Committee on Oversight and Government Reform)
|
| 088 |
|
|
|a Serial no. 110-204 (United States. Congress. House. Committee on Oversight and Government Reform)
|
| 099 |
|
|
|a HRG-2008-CGR-0094 (pt.1)
|
| 110 |
1 |
|
|a United States.
|b Congress.
|b House.
|b Committee on Oversight and Government Reform.
|b Subcommittee on National Security and Foreign Affairs.
|0 http://id.loc.gov/authorities/names/n2007035877
|
| 245 |
1 |
0 |
|a AFRICOM :
|b rationales, roles, and progress on the eve of operations : hearing before the Subcommittee on National Security and Foreign Affairs of the Committee on Oversight and Government Reform, House of Representatives, One Hundred Tenth Congress.
|
| 264 |
|
1 |
|a Washington :
|b U.S. G.P.O.,
|c 2009-
|
| 264 |
|
2 |
|a Washington :
|b For sale by the Supt. of Docs., U.S. G.P.O.
|
| 300 |
|
|
|a volumes :
|b illustrations, digital, PDF file.
|
| 336 |
|
|
|a text
|b txt
|2 rdacontent
|
| 337 |
|
|
|a computer
|b c
|2 rdamedia
|
| 338 |
|
|
|a online resource
|b cr
|2 rdacarrier
|
| 500 |
|
|
|a "First session, July 15, 2008"--Pt. [1].
|
| 500 |
|
|
|a "Second session, July 23, 2008"--Pt. 2.
|
| 500 |
|
|
|a Shipping list number: 2010-0119-P (pt. [1]), 2009-0461-P (pt. 2).
|
| 504 |
|
|
|a Includes bibliographical references.
|
| 500 |
|
|
|a "Serial number 110-204"--Pt. [1].
|
| 500 |
|
|
|a "Serial number 110-186"--Pt. 2.
|
| 500 |
|
|
|a Record is based on bibliographic data in ProQuest Congressional Hearings Digital Collection. Reuse except for individual research requires license from ProQuest, LLC.
|
| 500 |
|
|
|a Electronic resource.
|
| 533 |
|
|
|a Electronic reproduction.
|b [Bethesda, Md.] :
|c ProQuest,
|d 2010.
|e digital, PDF file.
|n ProQuest U.S. Congressional Hearings Digital Collection.
|n Mode of access: World Wide Web via ProQuest website.
|
| 538 |
|
|
|a System requirements: PDF reader software.
|
| 610 |
1 |
0 |
|a United States.
|b Africa Command.
|0 http://id.loc.gov/authorities/names/no2007152415
|
| 651 |
|
0 |
|a United States
|x Armed Forces
|z Africa.
|
| 651 |
|
0 |
|a United States
|x Military relations.
|0 http://id.loc.gov/authorities/subjects/sh85140380
|
| 651 |
|
0 |
|a Africa
|x Military relations.
|
| 651 |
|
0 |
|a Africa
|x Strategic aspects.
|0 http://id.loc.gov/authorities/subjects/sh85001577
|
| 776 |
0 |
8 |
|i Print version:
|a United States. Congress. House. Committee on Oversight and Government Reform. Subcommittee on National Security and Foreign Affairs.
|t AFRICOM
|w 9780160851162 (pt.1)
|w 0160851165 (pt.1)
|w 9780160841293 (pt.2)
|w 0160841291 (pt.2)
|w (OCoLC)ocn440818215
|z 2010443626
|
| 776 |
0 |
8 |
|i Microfiche version:
|a United States. Congress. House. Committee on Oversight and Government Reform. Subcommittee on National Security and Foreign Affairs.
|t AFRICOM
|d [Bethesda, Md.] : ProQuest,[2010]
|o CIS 2010 H601-8 (pt.2)
|o CIS 2010 H601-61 (pt.1)
|w (ProQuest)cis01001205
|
| 856 |
4 |
0 |
|u http://proxy.library.tamu.edu/login?url=http://search.proquest.com/congcomp/getdoc?HEARING-ID=HRG-2008-CGR-0085
|3 pt.2
|y Electronic resource (PDF)
|t 0
|
| 856 |
4 |
0 |
|u http://search.proquest.com/congcomp/getdoc?HEARING-ID=HRG-2008-CGR-0094
|3 pt.1
|y Electronic resource (PDF)
|t 0
|
| 998 |
|
|
|a cis01001205
|
| 999 |
f |
f |
|s 6b9de7dd-ab16-33b6-98bb-51e377334a41
|i 8b09260f-9c0b-3234-9fa3-c49bca3f8ac5
|t 0
|
| 952 |
f |
f |
|a Texas A&M University
|b College Station
|c Electronic Resources
|d Available Online
|t 0
|e Y 4.G 74/7:110-204
|h Superintendent of Documents classification
|
| 998 |
f |
f |
|a Y 4.G 74/7:110-204
|t 0
|l Available Online
|